000 00522nam a22001937a 4500
003 CEME
005 20210628203203.0
008 210119b xxu||||| |||| 00| 0 eng d
020 _a81-203-2743-8
040 _cceme
082 _a621.3845 TSU
100 _aTsui, James .B
_963841
245 _aDigital techniques for wideband receivers
250 _a2ND
260 _aNEW DELHI
_bPRENTICE HALL OF INDIA
_c2004
300 _aXVII, 588 P
650 _aWIDEBAND RECEIVERS-DIGITAL TECHNIQUES
_963842
942 _cBK
_2ddc
999 _c572546
_d572546